000 00962nam a22002417a 4500
008 240620b mp ||||| |||| 00| 0 mon d
020 _a978-99973-1-860-2
035 _a21777
040 _aUM0146080
_bmon
_cMN-UlNLM
_dMN-UlNLM
_erda
041 _amon
042 _a82558
084 _2NNA
_a84(4ИхБр)
_bВ679
100 _aВоллиамс Д.
245 0 _aТэрбумтан хүү
264 _aУлаанбаатар
_bМон судар
_c2020
300 _a300х.
336 _2rdacontent
_atext
_btxt
337 _2rdamedia
_aunmediated
_bn
338 _2rdacarrier
_avolume
_bnc
650 _aЖоёыг жаргалтай болгох маш олон зүйл бий. Түүнд хувийн кино театр, боулингийн газар, бүр орангутан сармагчин хүртэл байдаг. Тэр ...
942 _2NNA
_cBK
999 _c1055458
_d1055515